[Event "Titled Tue 3rd Jun Early"]
[Site "chess.com INT"]
[Date "2025.06.03"]
[Round "8"]
[White "Gonzalez Vega, Alejandro"]
[Black "Khandhadia, Nivaan Rathin"]
[Result "1-0"]
[WhiteTitle "FM"]
[BlackTitle "CM"]
[WhiteElo "2092"]
[BlackElo "2112"]
[WhiteFideId "3510042"]
[BlackFideId "25753274"]
[EventDate "2025.06.03"]

1. d4 d5 2. c4 e6 3. Nc3 Nf6 4. cxd5 exd5 5. Bg5 Bb4 6. e3 h6 7. Bh4 g5 8. Bg3
Ne4 9. Ne2 c6 10. Qb3 Nxg3 11. hxg3 Qe7 12. a3 Bd6 13. Rc1 Bf5 14. Na4 Qc7 15.
Nc5 Bxc5 16. Rxc5 Nd7 17. Rc1 O-O-O 18. Nc3 Qb6 19. Qa2 Nf6 20. b4 Ne4 21. Na4
Qc7 22. b5 Qa5+ 23. Nc3 Nxc3 24. Qd2 Qxa3 25. Rxc3 Qa1+ 26. Rc1 Qa4 27. bxc6
bxc6 28. Qc3 Kc7 29. Ra1 Qb5 30. Bxb5 1-0

[Event "Titled Tue 3rd Jun Early"]
[Site "chess.com INT"]
[Date "2025.06.03"]
[Round "8"]
[White "Beerdsen, Thomas"]
[Black "Paravyan, David"]
[Result "1/2-1/2"]
[WhiteTitle "GM"]
[BlackTitle "GM"]
[WhiteElo "2535"]
[BlackElo "2596"]
[WhiteFideId "1030108"]
[BlackFideId "4194985"]
[EventDate "2025.06.03"]

1. e4 e5 2. Bc4 Nf6 3. d3 c6 4. Nf3 d5 5. Bb3 Bd6 6. O-O O-O 7. exd5 Nxd5 8. Re1
Bg4 9. h3 Bh5 10. Nbd2 Nd7 11. Ne4 Bc7 12. Ng3 Bg6 13. Bg5 f6 14. Bd2 Kh8 15. d4
exd4 16. Nxd4 Bxg3 17. fxg3 Qb6 18. c3 Ne5 19. Kh2 Rfe8 20. Bf4 Nd3 21. Rxe8+
Rxe8 22. Qf3 N5xf4 23. gxf4 c5 24. f5 Qd6+ 25. Kg1 Ne5 26. Qxb7 cxd4 27. fxg6
dxc3 28. bxc3 Qc5+ 29. Kh2 hxg6 30. Rf1 g5 31. Qe4 Qd6 32. Kh1 g6 33. Qd4 Qe7
34. Bc2 Kg7 35. Rb1 Rd8 36. Qe4 Rd7 37. Rb5 Qd6 38. Bb3 Qd2 39. Rxe5 fxe5 40.
Qxe5+ Kh7 41. Qe6 Qc1+ 42. Kh2 Qf4+ 43. Kh1 Qc1+ 44. Kh2 Qf4+ 45. Kh1 Rg7 46.
Qe2 Qc1+ 47. Kh2 Qxc3 48. Bc2 Qc7+ 49. Kh1 Kh6 50. Qe8 Qxc2 51. Qh8+ Rh7 52.
Qf8+ Rg7 53. Qh8+ Rh7 54. Qf8+ Kh5 55. Qf3+ Kh6 56. Qf8+ 1/2-1/2

[Event "Titled Tue 3rd Jun Early"]
[Site "chess.com INT"]
[Date "2025.06.03"]
[Round "8"]
[White "Punin, Andrii"]
[Black "Rojas Alarcon, Julian Antonio"]
[Result "0-1"]
[WhiteTitle "FM"]
[BlackTitle "FM"]
[WhiteElo "2289"]
[BlackElo "2365"]
[WhiteFideId "14112639"]
[BlackFideId "5107407"]
[EventDate "2025.06.03"]

1. e4 c5 2. Be2 e6 3. f4 d5 4. d3 dxe4 5. dxe4 Qxd1+ 6. Bxd1 b6 7. Nc3 Bb7 8.
Bf3 Nc6 9. Be3 O-O-O 10. a3 Nd4 11. Rc1 Nf6 12. e5 Ng4 13. Bxb7+ Kxb7 14. Bf2
Be7 15. h3 Nxf2 16. Kxf2 f6 17. exf6 Bxf6 18. Nf3 Rhf8 19. Rhf1 g5 20. Ne4 gxf4
21. Nxd4 Bxd4+ 22. Kf3 Bxb2 23. Rb1 Bxa3 24. Rb3 Bb4 25. c3 Rd3+ 26. Kg4 Kc6 27.
Rxf4 Rxf4+ 28. Kxf4 a5 29. g4 a4 30. Rb1 Bxc3 31. Nxc3 Rxc3 32. h4 b5 33. h5 b4
34. g5 Rc4+ 35. Ke5 Rg4 36. Kf6 a3 37. g6 hxg6 38. hxg6 a2 39. Re1 b3 40. Rxe6+
Kb5 41. Re1 b2 42. g7 a1=Q 0-1

[Event "Titled Tue 3rd Jun Early"]
[Site "chess.com INT"]
[Date "2025.06.03"]
[Round "8"]
[White "Zieba, Hubert"]
[Black "Mayaud, Raphael"]
[Result "1-0"]
[WhiteTitle "CM"]
[BlackTitle "CM"]
[WhiteElo "2233"]
[BlackElo "2126"]
[WhiteFideId "21844704"]
[BlackFideId "627151"]
[EventDate "2025.06.03"]

1. d4 d5 2. c4 c6 3. Nf3 Nf6 4. g3 dxc4 5. Bg2 b5 6. O-O Bb7 7. Ne5 a6 8. b3
cxb3 9. Qxb3 e6 10. Bb2 Be7 11. Rc1 O-O 12. Nd2 Nd5 13. Ne4 Qb6 14. Nc5 Bxc5 15.
dxc5 Qc7 16. Rd1 a5 17. a4 b4 18. Nc4 Nd7 19. Bd4 Ba6 20. e4 e5 21. exd5 cxd5
22. Bxd5 exd4 23. Bxa8 Nxc5 24. Qf3 Qa7 25. Bd5 d3 26. Nxa5 Qb6 27. Nb3 Nxb3 28.
Bxb3 Qd4 29. a5 Qc3 30. Rab1 d2 31. Qd5 g6 32. Qxd2 1-0

[Event "Titled Tue 3rd Jun Early"]
[Site "chess.com INT"]
[Date "2025.06.03"]
[Round "8"]
[White "Lloret Ramis, Juan Jose"]
[Black "Perry, Patrick"]
[Result "0-1"]
[WhiteTitle "FM"]
[WhiteElo "2019"]
[BlackElo "2296"]
[WhiteFideId "2204053"]
[BlackFideId "30917727"]
[EventDate "2025.06.03"]

1. c4 Nf6 2. Nc3 c5 3. Nf3 Nc6 4. g3 g6 5. Bg2 Bg7 6. d4 O-O 7. d5 Na5 8. Nd2 e6
9. O-O exd5 10. cxd5 d6 11. e4 a6 12. a4 Bd7 13. Qe2 Rb8 14. f4 b5 15. e5 Ne8
16. Nf3 Bg4 17. axb5 axb5 18. e6 fxe6 19. dxe6 Nc6 20. Qe4 Ne7 21. Nd5 Nf6 22.
Nxf6+ Bxf6 23. h3 Bf5 24. Qe2 c4 25. Rd1 d5 26. g4 Be4 27. Nd4 Bxg2 28. Kxg2 Qb6
29. Be3 Qb7 30. f5 Rbe8 31. g5 Bxd4 32. Bxd4 Nxf5 33. Qe5 Nxd4 34. Qxd4 Rxe6 0-1

[Event "Titled Tue 3rd Jun Early"]
[Site "chess.com INT"]
[Date "2025.06.03"]
[Round "8"]
[White "Luong Phuong Hanh"]
[Black "Tan, Zhongyi"]
[Result "0-1"]
[WhiteTitle "WIM"]
[BlackTitle "GM"]
[WhiteElo "2144"]
[BlackElo "2536"]
[WhiteFideId "12401013"]
[BlackFideId "8603642"]
[EventDate "2025.06.03"]

1. d4 d5 2. c4 e6 3. Nf3 Nf6 4. g3 Bb4+ 5. Bd2 Be7 6. Bg2 O-O 7. O-O c6 8. Qc2
b6 9. Bf4 a5 10. Rd1 Ba6 11. Nbd2 Nh5 12. Be3 Nd7 13. Ne5 Rc8 14. Ndf3 Nhf6 15.
Rac1 b5 16. cxd5 cxd5 17. Nc6 Qe8 18. Qd2 b4 19. Nxa5 Ne4 20. Qe1 Nb6 21. Ne5
Qa4 22. Nac6 Bd6 23. b3 Qxa2 24. Nxb4 Qxe2 25. Nxa6 Qxa6 26. Bxe4 dxe4 27. Bf4
Qb7 28. Bd2 Nd5 29. Qxe4 Qxb3 30. Nd7 Rfd8 31. Nc5 Bxc5 32. dxc5 Rxc5 33. Bg5
Rdc8 34. Rb1 Qc2 35. Qf3 Nc3 36. Rd7 Qxb1+ 37. Kg2 Qf5 0-1

[Event "Titled Tue 3rd Jun Early"]
[Site "chess.com INT"]
[Date "2025.06.03"]
[Round "8"]
[White "Kolb, Tobias"]
[Black "Hayrapetyan, Artavazd R."]
[Result "0-1"]
[WhiteTitle "FM"]
[BlackTitle "FM"]
[WhiteElo "2402"]
[BlackElo "2350"]
[WhiteFideId "12992321"]
[BlackFideId "13304240"]
[EventDate "2025.06.03"]

1. e4 b6 2. d4 Bb7 3. Nc3 e6 4. Nf3 Bb4 5. Bd3 Nf6 6. Qe2 d5 7. exd5 Qxd5 8. Bd2
Bxc3 9. Bxc3 a5 10. Bd2 Qh5 11. Ne5 Qxe2+ 12. Kxe2 Be4 13. a4 Bxd3+ 14. Kxd3
Nbd7 15. Nxd7 Kxd7 16. f3 h5 17. h4 Kc6 18. Kc4 Ne8 19. Bf4 Rd8 20. Rad1 Rd5 21.
Kb3 Nf6 22. Be5 Ne8 23. Rhe1 Rh6 24. c4 Rd7 25. Bf4 Rh8 26. Re5 Nf6 27. Bg5 Nh7
28. d5+ Kb7 29. Bf4 Nf8 30. Bg3 Ng6 31. Rg5 Rh6 32. Re1 e5 33. Bf2 f6 34. Rf5
Ne7 35. g4 hxg4 36. fxg4 Nxf5 37. gxf5 Rh5 38. c5 Rxd5 39. cxb6 cxb6 40. Rg1 Rd7 0-1

[Event "Titled Tue 3rd Jun Early"]
[Site "chess.com INT"]
[Date "2025.06.03"]
[Round "8"]
[White "Asensio Ramos, Enrique Fernando"]
[Black "Rozman, Levy"]
[Result "0-1"]
[WhiteTitle "CM"]
[BlackTitle "IM"]
[WhiteElo "2206"]
[BlackElo "2324"]
[WhiteFideId "2214172"]
[BlackFideId "2039877"]
[EventDate "2025.06.03"]

1. d4 g6 2. Nc3 a6 3. e4 Bg7 4. Nf3 b5 5. a3 Bb7 6. h4 h6 7. Bf4 d6 8. Qd2 Nd7
9. Rd1 c5 10. d5 Qc7 11. g3 Ngf6 12. Qe2 b4 13. Nb1 Nh5 14. Bc1 a5 15. Nfd2 Ne5
16. Nc4 Ba6 17. Nbd2 bxa3 18. bxa3 O-O 19. Qe3 Ng4 20. Qf3 Nhf6 21. Bd3 h5 22.
O-O a4 23. Rfe1 Nd7 24. Qg2 Rab8 25. f3 Bd4+ 26. Kf1 Nf2 27. f4 Nxd1 28. Rxd1
Nf6 29. Qf3 Ng4 30. Re1 Nh2+ 0-1

[Event "Titled Tue 3rd Jun Early"]
[Site "chess.com INT"]
[Date "2025.06.03"]
[Round "8"]
[White "Wagner, Dennis"]
[Black "Mitrabha, Guha"]
[Result "0-1"]
[WhiteTitle "GM"]
[BlackTitle "GM"]
[WhiteElo "2616"]
[BlackElo "2515"]
[WhiteFideId "24650684"]
[BlackFideId "5057000"]
[EventDate "2025.06.03"]

1. e4 c6 2. d4 d5 3. e5 Bf5 4. Nf3 e6 5. Be2 Ne7 6. c3 Nd7 7. a4 h6 8. O-O c5 9.
dxc5 Nxc5 10. Nd4 a6 11. Be3 Bh7 12. Nd2 Rc8 13. a5 Nc6 14. f4 Be7 15. b4 Ne4
16. Nxe4 Bxe4 17. Bd3 Bxd3 18. Qxd3 O-O 19. h3 Qc7 20. Kh1 Nb8 21. Bd2 Qc4 22.
Qe3 Nc6 23. f5 Bg5 24. Qf2 Nxd4 25. cxd4 Qc2 26. Bxg5 hxg5 27. Qg3 exf5 28. Qxg5
g6 29. Ra3 Rc3 30. Rxc3 Qxc3 31. e6 Qxd4 32. Re1 Qxb4 33. exf7+ Kxf7 34. Re5 Qd6
35. Re2 Re8 36. Rxe8 Kxe8 37. Qh6 d4 38. Qh8+ Kd7 39. Qg7+ Kc6 40. Qg8 Kc5 41.
Qc8+ Qc6 42. Qf8+ Kc4 43. Qf7+ Kc3 44. Qa2 d3 45. Qa1+ Kd2 46. Qb2+ Ke3 47. Qe5+
Qe4 48. Qc5+ Ke2 49. Qb4 Qxb4 0-1

[Event "Titled Tue 3rd Jun Early"]
[Site "chess.com INT"]
[Date "2025.06.03"]
[Round "8"]
[White "Molina, Roberto Junio Brito"]
[Black "Thorhallsson, Simon"]
[Result "1-0"]
[WhiteTitle "IM"]
[BlackTitle "FM"]
[WhiteElo "2381"]
[BlackElo "2218"]
[WhiteFideId "2109450"]
[BlackFideId "2310090"]
[EventDate "2025.06.03"]

1. d4 g6 2. e4 Bg7 3. Nc3 d6 4. Be3 a6 5. Qd2 b5 6. h4 h5 7. f3 Nf6 8. a4 b4 9.
Nd1 a5 10. c3 bxc3 11. bxc3 Nbd7 12. Bb5 Ba6 13. Ne2 Bxb5 14. axb5 Nb6 15. Qd3
O-O 16. c4 Nfd7 17. Ra2 e5 18. d5 a4 19. Nec3 a3 20. g4 hxg4 21. fxg4 Qf6 22.
Bg5 Nc5 23. Qe2 Qf4 24. Bxf4 exf4 25. O-O Be5 26. Kg2 Kg7 27. Rh1 Rh8 28. Nb1
Ra4 29. Nd2 Bf6 30. g5 Be5 31. h5 gxh5 32. Rxh5 Rxh5 33. Qxh5 Nxc4 34. Qh6+ Kg8
35. Nxc4 Rxc4 36. Rxa3 Na4 37. g6 fxg6 38. Qxg6+ Kf8 39. Qf5+ Kg8 40. Qc8+ Kg7
41. Qd7+ Kg8 42. Rxa4 Rxa4 43. Qc8+ Kg7 44. Qxc7+ Kf6 45. b6 Ra2+ 46. Nf2 Bd4
47. Qxd6+ Kg5 48. Qe7+ Kh5 49. Qf7+ Kg5 50. Qf5+ Kh4 51. Qxf4+ Kh5 52. b7 Bxf2
53. Qxf2 1-0

[Event "Titled Tue 3rd Jun Early"]
[Site "chess.com INT"]
[Date "2025.06.03"]
[Round "8"]
[White "Swara Lakshmi S Nair"]
[Black "Skytte, Robert"]
[Result "1-0"]
[WhiteTitle "WCM"]
[BlackTitle "CM"]
[WhiteElo "2178"]
[BlackElo "2007"]
[WhiteFideId "25629239"]
[BlackFideId "1471775"]
[EventDate "2025.06.03"]

1. e4 c5 2. Nf3 Nc6 3. d4 cxd4 4. Nxd4 g6 5. Nc3 Bg7 6. Be3 Nf6 7. Bc4 O-O 8.
Bb3 Re8 9. f3 e6 10. Qd2 d5 11. exd5 exd5 12. Nxc6 bxc6 13. O-O Nd7 14. Rfe1 Rb8
15. Bd4 Bxd4+ 16. Qxd4 Nf8 17. Na4 Ne6 18. Qxa7 Bd7 19. c3 Ra8 20. Qf2 Qc7 21.
Nc5 Nxc5 22. Qxc5 Bf5 23. Qf2 Qf4 24. a3 Rad8 25. Bc2 Bxc2 26. Qxc2 d4 27. cxd4
Qxd4+ 28. Kh1 Rxe1+ 29. Rxe1 Qd2 30. Qxd2 Rxd2 31. Rb1 c5 32. b3 Ra2 33. a4 Kg7
34. h3 h5 35. Rc1 Kf6 36. Rxc5 Ra1+ 37. Kh2 Rb1 38. Rb5 Ke6 39. a5 Ra1 40. Rb6+
Kd7 41. b4 Ra4 42. a6 Kc7 43. Rb7+ Kc6 44. b5+ Kc5 45. a7 Kb4 46. b6 Kb5 47. Rb8 1-0

[Event "Titled Tue 3rd Jun Early"]
[Site "chess.com INT"]
[Date "2025.06.03"]
[Round "8"]
[White "Tristan, Leonardo"]
[Black "Zhigalko, Sergei"]
[Result "1/2-1/2"]
[WhiteTitle "GM"]
[BlackTitle "GM"]
[WhiteElo "2536"]
[BlackElo "2572"]
[WhiteFideId "113816"]
[BlackFideId "13502956"]
[EventDate "2025.06.03"]

1. d4 Nf6 2. Nf3 e6 3. Bf4 b6 4. e3 Bb7 5. Nbd2 Nh5 6. Bg5 Be7 7. Bxe7 Qxe7 8.
g4 Nf6 9. Rg1 d6 10. g5 Ne4 11. Nxe4 Bxe4 12. Nd2 Bb7 13. Bg2 Bxg2 14. Rxg2 Nd7
15. Qf3 d5 16. c4 c6 17. a3 O-O 18. Ke2 Rae8 19. Rc1 Qd6 20. cxd5 cxd5 21. Qf4
Qxf4 22. exf4 Rc8 23. Rgg1 Rfd8 24. Kd3 Kf8 25. h4 Nb8 26. Nf3 Nc6 27. h5 Rc7
28. Ne5 Rdc8 29. Nxc6 Rxc6 30. Rxc6 Rxc6 31. Re1 g6 32. Rh1 Kg7 33. b3 Rc7 34.
h6+ Kf8 35. Ra1 1/2-1/2

[Event "Titled Tue 3rd Jun Early"]
[Site "chess.com INT"]
[Date "2025.06.03"]
[Round "8"]
[White "Calvo Gonzalez, Jose Felix"]
[Black "Florescu, Codrut-Constantin"]
[Result "1-0"]
[WhiteTitle "CM"]
[BlackTitle "IM"]
[WhiteElo "2168"]
[BlackElo "2193"]
[WhiteFideId "54505615"]
[BlackFideId "1202200"]
[EventDate "2025.06.03"]

1. e4 c5 2. Nf3 Nc6 3. d4 cxd4 4. Nxd4 e5 5. Nb5 d6 6. N1c3 a6 7. Na3 b5 8. Nd5
Nge7 9. c4 Nxd5 10. exd5 Nd4 11. cxb5 g6 12. Be3 Bg7 13. Bc4 O-O 14. O-O Qa5 15.
bxa6 Bxa6 16. Bxa6 Rxa6 17. Qd3 Rfa8 18. Bxd4 exd4 19. Nc2 Qxd5 20. Nb4 Qb7 21.
Nxa6 Rxa6 22. b3 h5 23. a4 Rb6 24. Rfb1 Rc6 25. a5 Rc3 26. a6 Qa7 27. Qb5 d3 28.
Qb7 Bd4 29. Qxa7 Bxa7 30. Ra2 Kf8 31. b4 Ke7 32. b5 Kd7 33. g3 Kc7 34. b6+ Bxb6
35. a7 Rc2 36. a8=Q 1-0

[Event "Titled Tue 3rd Jun Early"]
[Site "chess.com INT"]
[Date "2025.06.03"]
[Round "8"]
[White "Kambrath, Yannick"]
[Black "Ramu, K."]
[Result "1-0"]
[WhiteTitle "IM"]
[BlackTitle "FM"]
[WhiteElo "2389"]
[BlackElo "2151"]
[WhiteFideId "20632525"]
[BlackFideId "5006171"]
[EventDate "2025.06.03"]

1. e4 c5 2. Nf3 d6 3. d4 cxd4 4. Nxd4 Nf6 5. Nc3 a6 6. h4 Nc6 7. Bg5 e6 8. f3
Be7 9. Qd2 Qb6 10. Nb3 h6 11. Be3 Qc7 12. O-O-O b5 13. Kb1 Ne5 14. Be2 Bd7 15.
g4 b4 16. Nd5 exd5 17. exd5 a5 18. g5 Nh5 19. Nd4 Nc4 20. Bxc4 Qxc4 21. f4 Rc8
22. Rhe1 Kf8 23. f5 hxg5 24. hxg5 Ng3 25. f6 Bd8 26. Bf4 Nf5 27. Nxf5 Bxf5 28.
Bxd6+ Kg8 29. Re8+ Kh7 30. Qh2+ Kg6 31. Rxh8 Qxc2+ 32. Qxc2 Bxc2+ 33. Kc1 Bxd1+
34. Kxd1 gxf6 35. Be7 Bxe7 36. Rxc8 fxg5 37. d6 Bxd6 38. Rc6 g4 39. Rxd6+ Kg5
40. Ke2 f5 41. Kf2 f4 42. Rd5+ Kh4 43. Rxa5 g3+ 44. Kf3 b3 45. axb3 g2 1-0

[Event "Titled Tue 3rd Jun Early"]
[Site "chess.com INT"]
[Date "2025.06.03"]
[Round "8"]
[White "Shevchenko, Yaroslav"]
[Black "Sydykov, Bayastan"]
[Result "1-0"]
[BlackTitle "FM"]
[WhiteElo "2137"]
[BlackElo "2301"]
[WhiteFideId "34144684"]
[BlackFideId "13829610"]
[EventDate "2025.06.03"]

1. e4 e5 2. Nf3 Nc6 3. d4 exd4 4. Nxd4 Bc5 5. Nb3 Bb6 6. Qe2 Nge7 7. Nc3 O-O 8.
Be3 d6 9. O-O-O Be6 10. f3 Re8 11. Nd4 Nxd4 12. Bxd4 Bxd4 13. Rxd4 Nc6 14. Rd1
a6 15. Qd2 b5 16. Kb1 Ne5 17. Nd5 Bxd5 18. Qxd5 Qf6 19. Be2 Red8 20. g3 c6 21.
Qd4 Qe7 22. f4 Ng6 23. Bf3 Qc7 24. h4 a5 25. h5 Nf8 26. h6 Ne6 27. Qd2 g6 28. f5
Nc5 29. Qd4 f6 30. fxg6 hxg6 31. Qxf6 Kh7 32. Bg4 Nxe4 33. Qf4 Qe7 34. Rhf1 d5
35. Be2 b4 36. Bd3 Rf8 37. Qg4 Rxf1 38. Rxf1 Nd2+ 39. Kc1 Nxf1 40. Bxg6+ Kh8 41.
Qd4+ Kg8 42. h7+ Qxh7 43. Bxh7+ Kxh7 44. Qd3+ Kg7 45. Qxf1 Rf8 46. Qd3 Rf6 47.
Qd4 Kg6 48. Qg4+ Kf7 49. Qd4 Rg6 50. Qf4+ Kg7 51. g4 Kh7 52. Qf5 Kh6 53. Kd2 Rg5
54. Qf6+ Rg6 55. Qh4+ Kg7 56. g5 Kf7 57. Qh7+ Rg7 58. Qf5+ Kg8 59. g6 Re7 60.
Qf6 Rg7 61. Qxc6 1-0

[Event "Titled Tue 3rd Jun Early"]
[Site "chess.com INT"]
[Date "2025.06.03"]
[Round "8"]
[White "Brenke, Andreas"]
[Black "Parfenov, Viktor N."]
[Result "1/2-1/2"]
[WhiteTitle "FM"]
[BlackTitle "CM"]
[WhiteElo "2349"]
[BlackElo "2193"]
[WhiteFideId "4602900"]
[BlackFideId "4165969"]
[EventDate "2025.06.03"]

1. d4 d5 2. c4 e6 3. Nc3 Nf6 4. cxd5 exd5 5. Bg5 Be7 6. e3 c6 7. Bd3 Nbd7 8.
Nge2 h6 9. Bh4 Nh5 10. Bxe7 Qxe7 11. O-O O-O 12. Qd2 Nb6 13. Rae1 Bd7 14. f3 f5
15. b3 Rae8 16. Nc1 Nc8 17. Bc2 Nd6 18. Nd3 Bc8 19. Nd1 Qf6 20. N1f2 f4 21. Ne5
fxe3 22. Rxe3 Nf4 23. Rfe1 Qg5 24. g3 Nf5 25. Bxf5 Bxf5 26. Kh1 Ng6 27. f4 Qd8
28. g4 Nxe5 29. Rxe5 Rxe5 30. Rxe5 Be4+ 31. Nxe4 dxe4 32. Qe3 Qh4 33. h3 Qf6 34.
Rxe4 Qd6 35. Kg2 Qa3 36. Qe2 Qc1 37. Kg3 Qg1+ 38. Qg2 Qb1 39. Qe2 Qg1+ 40. Qg2
Qb1 41. Qe2 Qg1+ 1/2-1/2

[Event "Titled Tue 3rd Jun Early"]
[Site "chess.com INT"]
[Date "2025.06.03"]
[Round "8"]
[White "Amarasinghe, A A C B"]
[Black "Nugumanov, Bakhtiyar"]
[Result "0-1"]
[WhiteTitle "CM"]
[BlackTitle "IM"]
[WhiteElo "1949"]
[BlackElo "2305"]
[WhiteFideId "9901809"]
[BlackFideId "13701797"]
[EventDate "2025.06.03"]

1. d4 Nf6 2. c4 e6 3. g3 d5 4. Bg2 dxc4 5. Nf3 a6 6. O-O Nc6 7. e3 Rb8 8. Qe2 b5
9. Rd1 Be7 10. b3 cxb3 11. axb3 Bb7 12. Bb2 O-O 13. Nc3 Re8 14. e4 Bf8 15. h4
Qe7 16. e5 Nd7 17. Ne4 Nb4 18. Rac1 Nd5 19. Ne1 h6 20. Nd3 Rbd8 21. Ndc5 Nxc5
22. Nxc5 Bc8 23. Be4 c6 24. Bb1 Qa7 25. Qe4 g6 26. h5 Ne7 27. Qxc6 Nxc6 28. hxg6
fxg6 29. Bxg6 Ne7 30. Bxe8 Rxe8 31. Ne4 Nd5 32. Rc6 Bd7 33. Rc2 Rc8 34. Rxc8
Bxc8 35. Rc1 Bd7 36. f4 Qb7 37. Re1 Be7 38. g4 Nb4 39. Re3 Bc6 40. Ng3 a5 41. f5
Bg5 42. Re2 Bf3 43. Rf2 Bxg4 44. f6 Be3 45. Bc1 Bxf2+ 46. Kxf2 Qf3+ 0-1

[Event "Titled Tue 3rd Jun Early"]
[Site "chess.com INT"]
[Date "2025.06.03"]
[Round "8"]
[White "Gharibyan, Mamikon"]
[Black "Barseghyan, Armen Ar."]
[Result "1-0"]
[WhiteTitle "GM"]
[BlackTitle "IM"]
[WhiteElo "2472"]
[BlackElo "2348"]
[WhiteFideId "13308300"]
[BlackFideId "13306707"]
[EventDate "2025.06.03"]

1. d4 Nf6 2. c4 e6 3. Nc3 d5 4. cxd5 exd5 5. Bg5 Be7 6. e3 O-O 7. Bd3 Re8 8. Nf3
Bg4 9. Qc2 h6 10. Bf4 Bxf3 11. gxf3 c5 12. dxc5 Nc6 13. O-O-O Rc8 14. Bf5 Ra8
15. Rhg1 Kh8 16. Kb1 Qa5 17. Qb3 Qxc5 18. Nxd5 Nb4 19. Nxe7 Rxe7 20. e4 Ne8 21.
Be3 Qb5 22. Rd5 Qa6 23. Qxb4 Qf6 24. Bd4 Qh4 25. Rg4 1-0

[Event "Titled Tue 3rd Jun Early"]
[Site "chess.com INT"]
[Date "2025.06.03"]
[Round "8"]
[White "Velikanov, Alexander"]
[Black "Demchenko, Yaroslav"]
[Result "1-0"]
[WhiteTitle "IM"]
[BlackTitle "CM"]
[WhiteElo "2372"]
[BlackElo "2286"]
[WhiteFideId "2039290"]
[BlackFideId "14186667"]
[EventDate "2025.06.03"]

1. e4 e6 2. b3 c5 3. Bb2 Nc6 4. Nf3 d6 5. c4 Nf6 6. Nc3 Be7 7. d4 cxd4 8. Nxd4
O-O 9. Be2 d5 10. exd5 exd5 11. O-O Nxd4 12. Qxd4 dxc4 13. Qxd8 Rxd8 14. Bxc4 a6
15. Rfe1 Bc5 16. Na4 Ba7 17. Re7 Be6 18. Bxe6 fxe6 19. Bxf6 gxf6 20. Rxe6 Kf7
21. Rae1 Rd2 22. R6e2 Rad8 23. g3 h5 24. h4 Rxe2 25. Rxe2 Bd4 26. Rd2 Ke7 27.
Kg2 b5 28. Nb2 Bxb2 29. Rxb2 Ke6 30. Rc2 Rd6 31. Kf3 Kf5 32. Rc5+ Kg6 33. Ke3
Re6+ 34. Kd3 Rd6+ 35. Kc3 Re6 36. Rd5 Re2 37. Rd2 Re4 38. Kd3 Re5 39. Kd4 Kf5
40. Rc2 a5 41. Rc5 a4 42. b4 a3 43. f3 Ke6 44. Rxe5+ fxe5+ 45. Ke4 Kd6 46. g4
hxg4 47. fxg4 Ke6 48. g5 Kf7 49. Kxe5 Kg6 50. Kd5 1-0

[Event "Titled Tue 3rd Jun Early"]
[Site "chess.com INT"]
[Date "2025.06.03"]
[Round "8"]
[White "Gutierrez Olivares, Daniel"]
[Black "Gong, Qianyun"]
[Result "0-1"]
[WhiteTitle "FM"]
[BlackTitle "WGM"]
[WhiteElo "2354"]
[BlackElo "2265"]
[WhiteFideId "2264005"]
[BlackFideId "8602425"]
[EventDate "2025.06.03"]

1. Nf3 Nf6 2. g3 c5 3. Bg2 Nc6 4. d3 e5 5. O-O d5 6. Nbd2 Be7 7. e4 O-O 8. Re1
dxe4 9. dxe4 Qc7 10. c3 Bg4 11. Qc2 b5 12. h3 Be6 13. a4 a6 14. Ng5 Bd7 15. axb5
axb5 16. Rxa8 Rxa8 17. Qb3 Rf8 18. Qxb5 h6 19. Ngf3 Rb8 20. Qe2 Na5 21. Nh4 Bf8
22. Qf3 Rb6 23. Nf1 Nc4 24. Re2 Qb7 25. b3 Nd6 26. Bxh6 Ndxe4 27. Bc1 Bc6 28.
Qf5 Nxc3 29. Rxe5 Bxg2 30. Nxg2 Rxb3 31. Bg5 Nfe4 32. Nge3 Rb1 33. Bf4 Nd2 34.
Qd3 Nf3+ 0-1

[Event "Titled Tue 3rd Jun Early"]
[Site "chess.com INT"]
[Date "2025.06.03"]
[Round "8"]
[White "Munoz Ramos, Christopher"]
[Black "Fedorov, Artem Alek"]
[Result "1-0"]
[WhiteTitle "FM"]
[BlackTitle "CM"]
[WhiteElo "2133"]
[BlackElo "2198"]
[WhiteFideId "3439615"]
[BlackFideId "34418431"]
[EventDate "2025.06.03"]

1. d4 d5 2. c4 e6 3. Nf3 Nf6 4. g3 dxc4 5. Bg2 Bb4+ 6. Bd2 c5 7. dxc5 Bxc5 8.
Qa4+ Nbd7 9. Qxc4 O-O 10. O-O b5 11. Qxb5 Rb8 12. Qd3 Rxb2 13. Bc3 Rb8 14. Nbd2
Qc7 15. Rac1 Qd6 16. Qc2 Ba6 17. Bxf6 gxf6 18. Ne4 Qe7 19. Nxc5 Rfc8 20. Nxa6
Rxc2 21. Nxb8 Rxc1 22. Rxc1 Nxb8 23. Rc8+ Kg7 24. Rxb8 Qa3 25. h4 Qxa2 26. Rb7
a5 27. Bf1 a4 28. Nd4 a3 29. Ra7 Qb2 30. Nxe6+ Kg6 31. Nf4+ Kh6 32. Nd3 Qb3 33.
e3 a2 34. Nc1 Qc3 35. Nxa2 Qc5 36. Ra6 Qd5 37. Nc3 Qe5 38. Ne2 Kg7 39. Nf4 h6
40. Bd3 f5 41. Nh5+ Kf8 42. Rxh6 Qa1+ 43. Kg2 Qa8+ 44. Kh2 Qf3 45. Kg1 Qd1+ 46.
Bf1 Qf3 47. Nf4 Kg7 48. Ra6 Qd1 49. Ra5 Qe1 50. Rxf5 Qb1 51. Rg5+ Kf6 52. Nd5+
Ke6 53. h5 f6 54. Nf4+ Kf7 55. Rb5 Kg7 56. Rxb1 1-0

[Event "Titled Tue 3rd Jun Early"]
[Site "chess.com INT"]
[Date "2025.06.03"]
[Round "8"]
[White "Huseynova, Lala"]
[Black "Mayorau, Mikita1"]
[Result "1-0"]
[WhiteTitle "WFM"]
[BlackTitle "GM"]
[WhiteElo "2123"]
[BlackElo "2472"]
[WhiteFideId "13431781"]
[BlackFideId "13501720"]
[EventDate "2025.06.03"]

1. d4 Nf6 2. c4 c5 3. d5 e6 4. Nc3 exd5 5. cxd5 d6 6. e4 g6 7. Nf3 Bg4 8. Bf4
Bxf3 9. Qxf3 Bg7 10. Nb5 O-O 11. Bxd6 Re8 12. Bd3 Nxd5 13. O-O Nb4 14. Bc4 Qd7
15. Nc7 N8c6 16. Nxa8 Rxa8 17. Bxc5 Ne5 18. Qe2 Nbc6 19. Bd5 Re8 20. f4 Ng4 21.
Rad1 Qc8 22. Qc4 Na5 23. Bxf7+ Kh8 24. Qb4 Nc6 25. Qa3 Rxe4 26. h3 Nf6 27. Rfe1
Rxe1+ 28. Rxe1 b6 29. Be7 Nh5 30. Bg5 Bf8 31. Qc3+ Bg7 32. Qc4 Qc7 33. Re8+ Bf8
34. Rxf8+ Kg7 35. Rg8# 1-0

[Event "Titled Tue 3rd Jun Early"]
[Site "chess.com INT"]
[Date "2025.06.03"]
[Round "8"]
[White "Fernandes, Rogerio Paulo Muller"]
[Black "Hrabinska, Myroslava"]
[Result "1-0"]
[BlackTitle "WGM"]
[WhiteElo "2241"]
[BlackElo "2121"]
[WhiteFideId "2101599"]
[BlackFideId "14109190"]
[EventDate "2025.06.03"]

1. c4 Nf6 2. g3 e6 3. Bg2 d5 4. Nf3 Be7 5. O-O O-O 6. b3 b6 7. Bb2 Bb7 8. d4
dxc4 9. bxc4 Nbd7 10. Nc3 c5 11. d5 exd5 12. cxd5 Bd6 13. e4 a6 14. Re1 Ne5 15.
Nxe5 Bxe5 16. f4 Bd4+ 17. Kh1 Qd7 18. h3 Rad8 19. Qd2 Nh5 20. Kh2 Nf6 21. Rad1
b5 22. Ne2 Bxb2 23. Qxb2 Qc7 24. Qc3 c4 25. Nd4 Qc5 26. a3 Rfe8 27. Nc2 Qc7 28.
Qd4 a5 29. d6 Qc6 30. Re2 Nxe4 31. Rde1 f5 32. Ne3 Rxd6 33. Qa1 g6 34. h4 Rd3
35. h5 Qd6 36. h6 Re6 37. Qg7# 1-0